| 000 | 00932cam a2200217 4500 | ||
|---|---|---|---|
| 001 | WB4014-12 | ||
| 008 | 040413n2004 000 0 eng u | ||
| 035 | _a(Sirsi) u125819 | ||
| 245 | _aGay couples earn tenure succession rights | ||
| 260 | _c2004 | ||
| 490 |
_aRICS Press Release _v8 April 2004, (1) |
||
| 520 | _aNew legislation will give the same property succession rights previously only available to heterosexual couples. The Civil Partnerships Bill published by the Department of Trade and Industry last week has confirmed that gay couples will win the right to inherit their partners' property. Further details of the Bill are available on the House of Commons website: http://www.publications.parliament.uk/pa/pabills.h tm. | ||
| 590 | _aWB | ||
| 590 | _aWB | ||
| 650 | _aINHERITANCE | ||
| 650 | _aHOUSE OF COMMONS | ||
| 650 | _aDTI | ||
| 650 | _aHOMOSEXUAL RELATIONSHIP | ||
| 690 | _aLAW-UK | ||
| 942 | _n0 | ||
| 999 |
_c117196 _d117196 |
||